Introducing global issues (Record no. 3884)

MARC details
000 -LEADER
fixed length control field 00719nam a22002537a 4500
003 - CONTROL NUMBER IDENTIFIER
control field LK-CoMWRAF
005 - DATE AND TIME OF LATEST TRANSACTION
control field 20231127150009.0
008 - FIXED-LENGTH DATA ELEMENTS--GENERAL INFORMATION
fixed length control field 231015b2002 |||||||| |||| 00| 0 eng d
020 ## - INTERNATIONAL STANDARD BOOK NUMBER
International Standard Book Number 1588260119
040 ## - CATALOGING SOURCE
Original cataloging agency LK-CoMWRAF
Modifying agency LK-CoMWRAF
Description conventions LK-CoMWRAF
041 ## - LANGUAGE CODE
Language code of text/sound track or separate title English
082 ## - DEWEY DECIMAL CLASSIFICATION NUMBER
Classification number 909.82
Item number INT
942 ## - ADDED ENTRY ELEMENTS (KOHA)
Koha item type Books
700 ## - ADDED ENTRY--PERSONAL NAME
Personal name Snarr, Michael T.
Relator Term editor
700 ## - ADDED ENTRY--PERSONAL NAME
Personal name Snarr, Neil
Relator Term editor
245 ## - TITLE STATEMENT
Title Introducing global issues
250 ## - EDITION STATEMENT
Edition statement 2nd ed.
260 ## - PUBLICATION, DISTRIBUTION, ETC. (IMPRINT)
Place of publication, distribution, etc. Boulder:
Name of publisher, distributor, etc. L. Rienner Publishers,
Date of publication, distribution, etc. 2002
300 ## - PHYSICAL DESCRIPTION
Extent ix, 341 p. : ill., maps ; 23 cm.
Other physical details Bibliography and index included
650 ## - SUBJECT ADDED ENTRY--TOPICAL TERM
Topical term or geographic name as entry element WORLD POLITICS
650 ## - SUBJECT ADDED ENTRY--TOPICAL TERM
Topical term or geographic name as entry element International economic relations.
650 ## - SUBJECT ADDED ENTRY--TOPICAL TERM
Topical term or geographic name as entry element Social history
650 ## - SUBJECT ADDED ENTRY--TOPICAL TERM
Topical term or geographic name as entry element Ecology.
Holdings
Withdrawn status Lost status Damaged status Not for loan Permanent Location Current Location Date acquired Full call number Barcode Koha item type
        Resource center, Muslim Women's Research And Action Forum Resource center, Muslim Women's Research And Action Forum 2023-10-15 909.82 INT RAF1757 Books

Copyright © 2023 Muslim Women's Research and Action Forum (MWRAF), No 27/3, Anderson Road, Kalubowila, Dehiwela. Funded by The Asia Fundation